Essential of cell biology/ (Record no. 160523)

MARC details
000 -LEADER
fixed length control field 00648nam a2200193 4500
005 - DATE AND TIME OF LATEST TRANSACTION
control field 20190213113858.0
010 ## - LCCN (DPL NO)
LC control number ENG-124721
020 ## - INTERNATIONAL STANDARD BOOK NUMBER
International Standard Book Number 9789384294137
Terms of availability 325.00
035 ## - SYSTEM CONTROL NUMBER
System control number EN-108253
037 ## - SOURCE OF ACQUISITION
Source of stock number/acquisition DBAD/PUB
082 ## - DEWEY DECIMAL CLASSIFICATION NUMBER
Classification number 571.6
100 ## - MAIN ENTRY--PERSONAL NAME
Personal name Islam, Aminul
245 ## - TITLE STATEMENT
Title Essential of cell biology/
Statement of responsibility, etc by Aminul Islam
260 ## - PUBLICATION, DISTRIBUTION, ETC. (IMPRINT)
Place of publication, distribution, etc Kolkata
Name of publisher, distributor, etc Arunabha Sen
Date of publication, distribution, etc 2018
270 ## - ADDRESS
Address Books and Allied (P) Ltd., 8/1, Chintamoni Das Lane
City Kolkata
Postal code 700009
Telephone number 8961053844, 8274085530
Electronic mail address booksandallied1960@gmail.com, booksmktng@gmail.com
300 ## - PHYSICAL DESCRIPTION
Extent viii,403p.
Dimensions 23cm(pbk)
500 ## - GENERAL NOTE
General note Includes Index
942 ## - ADDED ENTRY ELEMENTS (KOHA)
Source of classification or shelving scheme Dewey Decimal Classification
Item type English Books
Edition 1
Classification part 571.6
Call number suffix ISL
Holdings
Withdrawn status Lost status Not for loan Collection code Home library Current library Date acquired Source of acquisition Cost, normal purchase price Full call number Barcode Copy number Cost, replacement price Koha item type
    Not For Loan Non-fiction D.B.Act.Division Patel Nagar 02/02/2019 DBAD/PUB 325.00 571.6 ISL EN-108253 1 325.00 English Books

© Delhi Public Library
Hit Counter
free hit counter